| 000 | 00547cam a2200193ua 4500 | ||
|---|---|---|---|
| 001 | 5718 | ||
| 005 | 20260515113928.0 | ||
| 008 | 131008n ii |||gr||||Z||||||eng | ||
| 040 | _cMAIN | ||
| 082 | _a954.162 | ||
| 245 | 1 | 1 |
_aA Socio-Economic & Cultural History of Medieval Assam _cBy Satyendranath Sarma |
| 250 | _a1st ed. | ||
| 260 |
_aGuwahati: _bBina Library, _c2001. |
||
| 300 | _ax,360p. | ||
| 653 | _aHistory | ||
| 653 | _aA Socio-Economic and Cultural History of Medieval Assam | ||
| 700 | 1 |
_aSarma,Satyendranath, _eAuthro., |
|
| 942 | _cBK | ||
| 999 |
_c4872 _d4872 |
||